| 000 | 01189nam0a2200313 4500 | ||
|---|---|---|---|
| 001 | RU\NLR\bibl\520413 | ||
| 005 | 20250609144731.0 | ||
| 010 | _a5-85285-632-0 | ||
| 021 |
_aRU _b2004-18718 _9954 |
||
| 035 | _a(NLR Aleph) 000512819 | ||
| 090 |
_a1244045 _c1244045 |
||
| 100 | _a20040517d2003 |||y0rusy50 ca | ||
| 101 | 0 | _arus | |
| 102 | _aRU | ||
| 105 | _aa ||||||||| | ||
| 200 | 1 |
_aНиколай Кутузов _fС. Браз |
|
| 210 |
_aМ. _cКомпозитор _d2003 |
||
| 215 |
_a118,[2] с., [12] л. ил., портр. _cнот. _d21 |
||
| 320 | _aБиблиогр.: с. 112-117 и в подстроч. прим. | ||
| 320 | _aДискогр. Акад. хора рус. песни Гостелерадио СССР: с. 118 | ||
| 600 | 1 |
_aКутузов _bН.В. _f1926 _gНиколай Васильевич _92334943 _3RU\NLR\auth\661396055 |
|
| 600 | 1 |
_aКутузов _bН. В. _f1926- _gНиколай Васильевич _2psbo |
|
| 686 | _aЩ313(2Р=Рус)7-83Кутузов | ||
| 700 | 1 |
_aБраз _bС. Л. _gСветлана Леонидовна _4070 |
|
| 801 | 0 |
_aRU _bNLR _c20040517 _gPSBO |
|
| 801 | 1 |
_aRU _bNLR _c20040517 |
|
| 942 | _cBOOK | ||
| 980 | _aNB | ||